LEADER 01086nam0-2200337---450- 001 990009668830403321 005 20130121100016.0 010 $a978-88-568-3991-3 035 $a000966883 035 $aFED01000966883 035 $a(Aleph)000966883FED01 035 $a000966883 100 $a20130121d2011----km-y0itay50------ba 101 0 $aita 102 $aIT 105 $ay-------001yy 200 1 $a<>governance del territorio$epartecipazione e rappresentanza della società civile nelle politiche locali$fa cura di Matteo Bassoli e Emanuele Polizzi 210 $aMilano$cFrancoAngeli$d2011 215 $a250 p.$d23 cm 225 1 $aGlobalizzazione, partecipazione, movimenti$iTesti$v9 610 0 $aSviluppo economico e pianificazione territoriale 676 $a352.32140945$v22$zita 702 1$aBassoli,$bMatteo 702 1$aPolizzi,$bEmanuele 801 0$aIT$bUNINA$gREICAT$2UNIMARC 901 $aBK 912 $a990009668830403321 952 $aCollez. 2266 (9)$b48389$fFSPBC 959 $aFSPBC 996 $aGovernance del territorio$9243730 997 $aUNINA LEADER 01195nam--2200397---450- 001 990000555270203316 005 20070924123851.0 010 $a0-8265-1231-3 035 $a0055527 035 $aUSA010055527 035 $a(ALEPH)000055527USA01 035 $a0055527 100 $a20010710d1989----km-y0itay0103----ba 101 $aeng 102 $aUS 105 $a||||||||001yy 200 1 $aRatio and invention$astudy of Medieval lyric and narrative$fRobert R. Edwards 210 $aNashville$cVanderbilt university press$d1989 215 $aXXI, 193 p.$d24 cm 410 $12001 606 0 $aPoesia$zSec. 5-14. 676 $a809.102 700 1$aEDWARDS,$bRobert R.$0546455 801 0$aIT$bsalbc$gISBD 912 $a990000555270203316 951 $aV.5.B. 87(II i C 1377)$b129525 LM$cII i V 959 $aBK 969 $aUMA 979 $aPATTY$b90$c20010710$lUSA01$h1237 979 $c20020403$lUSA01$h1704 979 $aPATRY$b90$c20040406$lUSA01$h1639 979 $aCOPAT5$b90$c20050719$lUSA01$h1059 979 $aCOPAT1$b90$c20070924$lUSA01$h1238 996 $aRatio and invention$9884407 996 $aStudy of Medieval lyric and narrative$9884408 997 $aUNISA